Reliez la région à son pays - Statistiques

Statistiques générales
  • Ce quiz a été pris 346 fois
  • Le résultat moyen est 11 sur 15
Statistiques - réponses
Hint Réponse % Correct
Bretagne France
96%
Hokkaidō Japon
88%
Brandebourg Allemagne
84%
Ontario Canada
84%
Kaliningrad Russie
84%
Rajasthan Inde
82%
Queensland Australie
81%
Lombardie Italie
74%
Luzern Suisse
73%
Hainaut Belgique
63%
Macédoine Grèce
62%
Zélande Pays-Bas
61%
Bahia Brésil
60%
Hebei Chine
54%
Istrie Croatie
52%
Aucun quiz correspondant
Distribution des résultats
% des personnes avec chaque résultat
Percentile par nombre de réponses
Votre historique - résultats
Vous n’avez pas pris ce quiz